MARC details
| 000 -LEADER |
| fixed length control field |
02515cam a2200541 i 4500 |
| 001 - CONTROL NUMBER |
| control field |
sky304067733 |
| 003 - CONTROL NUMBER IDENTIFIER |
| control field |
SKY |
| 005 - DATE AND TIME OF LATEST TRANSACTION |
| control field |
20211202151318.0 |
| 008 - FIXED-LENGTH DATA ELEMENTS--GENERAL INFORMATION |
| fixed length control field |
200827s2021 nyua j 000 0 eng d |
| 020 ## - INTERNATIONAL STANDARD BOOK NUMBER |
| International Standard Book Number |
9781545807088 |
| Qualifying information |
(hardcover) |
| 020 ## - INTERNATIONAL STANDARD BOOK NUMBER |
| International Standard Book Number |
1545807086 |
| Qualifying information |
(hardcover) |
| 040 ## - CATALOGING SOURCE |
| Modifying agency |
SKYRV |
| Description conventions |
rda |
| Modifying agency |
CoBoFLC |
| 041 1# - LANGUAGE CODE |
| Language code of text/sound track or separate title |
eng |
| Language code of original and/or intermediate translations of text |
fre |
| 050 ## - LIBRARY OF CONGRESS CALL NUMBER |
| Classification number |
PZ |
| 082 04 - DEWEY DECIMAL CLASSIFICATION NUMBER |
| Classification number |
741 |
| Edition number |
23 |
| 092 ## - LOCALLY ASSIGNED DEWEY CALL NUMBER (OCLC) |
| Classification number |
junior fiction graphic |
| Item number |
Trondheim |
| 100 1# - MAIN ENTRY--PERSONAL NAME |
| Personal name |
Trondheim, Lewis, |
| Relator term |
author. |
| 9 (RLIN) |
6435680 |
| 245 14 - TITLE STATEMENT |
| Title |
The fly / |
| Statement of responsibility, etc |
Lewis Trondheim ; translated by Jim Salicrup ; preface translated by Joe Johnson. |
| 260 ## - PUBLICATION, DISTRIBUTION, ETC. (IMPRINT) |
| Place of publication, distribution, etc |
New York : |
| Name of publisher, distributor, etc |
Papercutz, |
| Date of publication, distribution, etc |
c2021. |
| 264 #1 - Production, Publication, Distribution, Manufacture, and Copyright Notice. |
| Name of producer, publisher, distributor, manufacturer |
Papercutz |
| Date of production, publication, distribution, manufacture, or copyr |
2021. |
| Place of production, publication, distribution, manufacture |
New York : |
| 300 ## - PHYSICAL DESCRIPTION |
| Extent |
112 pages : |
| Other physical details |
chiefly illustrations ; |
| Dimensions |
22 cm. |
| 336 ## - Content Type |
| Content type term |
text |
| 336 ## - Content Type |
| Content type term |
still image |
| 337 ## - Media type |
| Media type term |
unmediated |
| 338 ## - Carrier type |
| Carrier type term |
volume |
| 500 ## - GENERAL NOTE |
| General note |
Originally published in French as Mouche: [Paris] : Editions du Seuil, 1995. |
| 520 ## - SUMMARY, ETC. |
| Summary, etc |
Trondheim, tells the exciting life story of a common housefly. From the fly's birth to his inevitable end, we see everything this creature goes through simply to survive... from the fly's perspective. We guarantee you've never looked at your kitchen the way the fly does. While there's plenty of humor, there's thrills and chills as well, especially when the fly meets a spider. You may never have liked flies before, but once you meet this little guy, you may be surprised how much you can like a fly. |
| 521 2# - TARGET AUDIENCE NOTE |
| Target audience note |
3456 |
| Source |
Childrens Plus, Inc. |
| 650 #0 - SUBJECT ADDED ENTRY--TOPICAL TERM |
| Topical term or geographic name as entry element |
Housefly |
| Form subdivision |
Juvenile fiction. |
| 9 (RLIN) |
6435681 |
| 650 #0 - SUBJECT ADDED ENTRY--TOPICAL TERM |
| Topical term or geographic name as entry element |
Survival |
| Form subdivision |
Juvenile fiction. |
| 9 (RLIN) |
5674045 |
| 650 #0 - SUBJECT ADDED ENTRY--TOPICAL TERM |
| Topical term or geographic name as entry element |
Flies |
| Form subdivision |
Juvenile fiction. |
| 9 (RLIN) |
5707485 |
| 650 #0 - SUBJECT ADDED ENTRY--TOPICAL TERM |
| Topical term or geographic name as entry element |
Insects |
| Form subdivision |
Juvenile fiction. |
| 9 (RLIN) |
5685179 |
| 650 #0 - SUBJECT ADDED ENTRY--TOPICAL TERM |
| Topical term or geographic name as entry element |
Flies |
| Form subdivision |
Comic books, strips, etc. |
| 9 (RLIN) |
6435682 |
| 650 #0 - SUBJECT ADDED ENTRY--TOPICAL TERM |
| Topical term or geographic name as entry element |
Insects |
| Form subdivision |
Comic books, strips, etc. |
| 9 (RLIN) |
6369458 |
| 650 #0 - SUBJECT ADDED ENTRY--TOPICAL TERM |
| Topical term or geographic name as entry element |
Flies |
| Form subdivision |
Comic books, strips, etc. |
| 9 (RLIN) |
6435682 |
| 650 #0 - SUBJECT ADDED ENTRY--TOPICAL TERM |
| Topical term or geographic name as entry element |
Insects |
| Form subdivision |
Comic books, strips, etc. |
| 9 (RLIN) |
6369458 |
| 650 #1 - SUBJECT ADDED ENTRY--TOPICAL TERM |
| Topical term or geographic name as entry element |
Housefly |
| Form subdivision |
Fiction. |
| 9 (RLIN) |
6435683 |
| 650 #1 - SUBJECT ADDED ENTRY--TOPICAL TERM |
| Topical term or geographic name as entry element |
Flies |
| Form subdivision |
Fiction. |
| 9 (RLIN) |
5707484 |
| 650 #1 - SUBJECT ADDED ENTRY--TOPICAL TERM |
| Topical term or geographic name as entry element |
Survival |
| Form subdivision |
Fiction. |
| 9 (RLIN) |
5673621 |
| 655 #7 - INDEX TERM--GENRE/FORM |
| Genre/form data or focus term |
Wordless comics. |
| Source of term |
lcgft. |
| 9 (RLIN) |
6435684 |
| 655 #7 - INDEX TERM--GENRE/FORM |
| Genre/form data or focus term |
Humorous comics. |
| Source of term |
lcgft. |
| 9 (RLIN) |
5716565 |
| 655 #7 - INDEX TERM--GENRE/FORM |
| Genre/form data or focus term |
Comics (Graphic works) |
| Source of term |
lcgft. |
| 9 (RLIN) |
5689343 |
| 655 #7 - INDEX TERM--GENRE/FORM |
| Genre/form data or focus term |
Graphic novels. |
| Source of term |
lcgft. |
| 700 1# - ADDED ENTRY--PERSONAL NAME |
| Personal name |
Salicrup, Jim, |
| Relator term |
translator. |
| 9 (RLIN) |
6435685 |
| 700 1# - ADDED ENTRY--PERSONAL NAME |
| Personal name |
Johnson, E. Joe |
| Fuller form of name |
(Edward Joe), |
| Relator term |
translator. |
| 9 (RLIN) |
6349200 |
| 730 0# - ADDED ENTRY--UNIFORM TITLE |
| Uniform title |
Mouche. |
| Language of a work |
English. |
| 9 (RLIN) |
6435686 |
| 942 ## - ADDED ENTRY ELEMENTS (KOHA) |
| Source of classification or shelving scheme |
Dewey Decimal Classification |
| Koha item type |
BOOK |